Guide to central excise law and practice. 2 V (Record no. 40377)

MARC details
000 -LEADER
fixed length control field 00314nam a2200121Ia 4500
082 ## - DEWEY DECIMAL CLASSIFICATION NUMBER
Classification number 336.2
Item number DAT
100 ## - MAIN ENTRY--AUTHOR NAME
Personal name Datar, Arvind P
245 #0 - TITLE STATEMENT
Title Guide to central excise law and practice. 2 V
250 ## - EDITION STATEMENT
Edition statement Ed.3
260 ## - PUBLICATION, DISTRIBUTION, ETC. (IMPRINT)
Place of publication Nagpur
Name of publisher Wadhawa and Co
Year of publication 1992
942 ## - ADDED ENTRY ELEMENTS (KOHA)
Koha item type Books
Holdings
Withdrawn status Lost status Damaged status Not for loan Home library Current library Date acquired Full call number Accession Number Koha item type
        RRII Library RRII Library 16/12/2021 336.2 DAT 20677 Books